000 01185nam0a2200349 4500
001 RU\NLR\BIBL_A\016370368
005 20230615111259.0
010 _a978-5-17-147633-5
_920000
021 _aRU
_bКН-П-23-025487
_9КН-П-23-2532
035 _a(NLR Aleph) 016370368
035 _a(RuMoRGB)011737424
090 _a13180204
_c13180204
100 _a20230516d2023 u y0rusy50 ca
101 1 _arus
_ceng
102 _aRU
105 _aa z 000ay
181 0 _ai
_baxxe
182 0 _an
200 1 _aТень и искры
_e[роман]
_fДженнифер Арментроут
_gпер. с англ. Н. Луц
203 _aТекст
_bвизуальный
_cнепосредственный
210 _aМосква
_cАСТ
_d2023
215 _a733, [2] с.
_cил.
_d21
311 _aЦикл "Плоть и огонь"
320 _aДр. кн. на 2-й с.
333 _a18+
488 0 _12001#$aПлоть и огонь$eцикл
686 1 _aШ6(7США)67-445{Лх1979-62}
700 1 _aАрментроут
_bД.
_f1980-
_gДженнифер
_3RU\NLR\AUTH\770145359
942 _cBOOK
980 _aNB